000 00630nam a2200169 i 4500
001 41200
003 ES-MaACL
005 20230906160406.0
007 t|
008 030310s1891 sp ||||1| spa d
100 1 _aCascón y Martínez, José.
_936279
245 1 0 _aEstudio sobre la organización del crédito agrícola en España
_b: memoria premiada en el concurso abierto por R.O. de 28 de agosto de 1888 /
_cJosé Cascón y Martínez.
260 _aMadrid :
_b[s.n.],
_c1891 (
_fTip. Manuel Ginés Hernández)
300 _a28 p. ;
_c22 cm.
650 4 _aCrédito agrícola-
_zEspaña.
_9135837
852 _aES-MaACL
_jT-741-F-4
999 _c41200
_d41200